| 000 | 01399nam0a22003011 4500 | ||
|---|---|---|---|
| 001 | rc\4408041 | ||
| 005 | 20260608065709.0 | ||
| 021 |
_aRU _b[59-26954] |
||
| 035 | _a(NLR Aleph) 008301483 | ||
| 090 |
_a8638846 _c8638846 |
||
| 100 | _a20130416d1959 |||y0rusy50 ca | ||
| 101 | 1 |
_arus _cyid |
|
| 102 | _aRU | ||
| 105 | _aa z |||a| | ||
| 200 | 1 |
_aВеселый пекарь _eСтихи и сказки _e[Для сред. возраста] _fПер. с евр. Т. Спендиаровой _g[Предисл. Л. Кассиля] _gРисунки Н. Цейтлина |
|
| 210 |
_aМосква _cДетгиз _d1959 |
||
| 215 |
_a128 с. _cил. _d22 |
||
| 327 | 0 | _aРазделы: Гусиное перо; Дедушкины притчи; Косичка короля: (Песни и сказки) | |
| 464 | 0 |
_12001#$aГусиное перо$aДедушкины притчи$aКосичка короля$e(Песни и сказки) _tКосичка короля |
|
| 700 | 1 |
_7ca _8rus _aДриз _bО. О. _f1908-1971 _gОвсей Овсеевич _912723 _3RU\NLR\AUTH\7729694 |
|
| 702 | 1 |
_4070 _8rus _7ca _aКассиль _bЛ. А. _f1905-1970 _gЛев Абрамович _3RU\NLR\auth\7727458 _910490 |
|
| 702 | 1 |
_aЦейтлин _bН. _4440 |
|
| 702 | 1 |
_aСпендиарова _bТ. _4730 |
|
| 801 | 0 |
_aRU _bNLR _gpsbo |
|
| 801 | 1 |
_aRU _bELAR _2rusmarc |
|
| 852 |
_aNLR _j59-5/2018 |
||
| 942 | _cBOOK | ||
| 980 | _aNB | ||